Statistics for Caribbean Community

Click here to take the quiz!

General Stats

  • This quiz has been taken 21 times
  • The average score is 14 of 20

Answer Stats

Answer% Correct
Antigua and Barbuda
95%
Bahamas
95%
Barbados
95%
Haiti
95%
Jamaica
95%
Saint Kitts and Nevis
95%
Saint Lucia
95%
Trinidad and Tobago
95%
Dominica
90%
Grenada
90%
Saint Vincent and the Grenadines
90%
Bermuda
65%
Belize
60%
Guyana
55%
Anguilla
40%
British Virgin Islands
40%
Cayman Islands
40%
Montserrat
40%
Suriname
40%
Turks and Caicos Islands
25%

Score Distribution

Percentile by Number Answered

Percent of People with Each Score

Your Score History

You have not taken this quiz